Biochemistry / (Record no. 82211)
[ view plain ]
| 000 -LEADER | |
|---|---|
| fixed length control field | 00616nam a22002057a 4500 |
| 005 - DATE AND TIME OF LATEST TRANSACTION | |
| control field | 20140415110803.0 |
| 010 ## - LCCN (DPL NO) | |
| LC control number | ENG-109190 |
| 020 ## - INTERNATIONAL STANDARD BOOK NUMBER | |
| Terms of availability | 260.00 |
| International Standard Book Number | 9788189941710 |
| 035 ## - SYSTEM CONTROL NUMBER | |
| System control number | EN-92723 |
| 037 ## - SOURCE OF ACQUISITION | |
| Source of stock number/acquisition | DBAD/PUB |
| 082 ## - DEWEY DECIMAL CLASSIFICATION NUMBER | |
| Classification number | 574.192 |
| 245 ## - TITLE STATEMENT | |
| Title | Biochemistry / |
| Statement of responsibility, etc | by Dulsy Fatima...[et al] |
| 250 ## - EDITION STATEMENT | |
| Edition statement | 4th ed |
| 260 ## - PUBLICATION, DISTRIBUTION, ETC. (IMPRINT) | |
| Name of publisher, distributor, etc | Saras Publication |
| Date of publication, distribution, etc | 2013(repr.) |
| Place of publication, distribution, etc | Nagercoil |
| 270 ## - ADDRESS | |
| City | Nagercoil |
| Postal code | 629002 |
| Address | 114/35G, A. R. P. Camp Road, Periavilai, Kottar P. O., |
| 300 ## - PHYSICAL DESCRIPTION | |
| Extent | xvi,825p. |
| Dimensions | 23cm(pbk) |
| 500 ## - GENERAL NOTE | |
| General note | Includes index |
| 700 ## - ADDED ENTRY--PERSONAL NAME | |
| Personal name | Dulsy Fatima |
| 942 ## - ADDED ENTRY ELEMENTS (KOHA) | |
| Source of classification or shelving scheme | Dewey Decimal Classification |
| Item type | English Books |
| Call number suffix | BIO |
| Classification part | 574.192 |
| Withdrawn status | Lost status | Not for loan | Collection code | Home library | Current library | Date acquired | Source of acquisition | Cost, normal purchase price | Full call number | Barcode | Copy number | Cost, replacement price | Koha item type |
|---|---|---|---|---|---|---|---|---|---|---|---|---|---|
| Not For Loan | Non-fiction | D.B.Act.Division | D.B.Act.Division | 29/01/2014 | DBAD/PUB | 260.00 | 574.192 BIO | EN-92723 | 1 | 260.00 | English Books |
